000 00253nam a2200097Ia 4500
005 20251222114353.0
008 251222s1900||||xx |||||||||||||| ||spa||
082 _aDVD0060/C523F/2004
245 0 _aFestival Carlitos: Os Curtas:The Chaplin Revue
942 _cDVD
999 _c1317
_d1317